000 01313nam a22003497a 4500
001 BR2011005287
003 BR-BrBNA
005 20230928103749.0
007 ta
008 230509b bl.||||| |||| 00| 0 por d
040 _aBR-BrBNA
_bpor
_cBiblioteca Nacional de Agricultura
041 _a(Eng, Por)
072 _aL10
090 _ L10 BR2011005287
100 1 _aLopes, P.S. (ed.)
100 1 _aEuclydes, R.F. (ed.)
100 1 _aTorres, R. de A. (ed.)
100 1 _aGuimarães, S. E.F. (ed.)
110 1 _aUniversidade Federal de Viçosa, MG (Brasil). Depto. de Zootecnia
_910993
111 1 _aAnais do Simpósio Internacional de genética e Melhoramento Animal; Proceedings of the International Symposium on Animal Breeding and Genetics
_cViçosa, MG (Brazil)
_d21- 24 Sep 1999
245 1 _aSimpósio internacional de genética e melhoramento animal; international symposium on animal breeding and genetics
260 3 _aViçosa, MG (Brasil):
_c1999.
300 _a426 p.
500 _aIncludes several bibliographies.; Summary (Eng).; 24 illus.; 34 tables
650 _aMELHORAMENTO GENÉTICO ANIMAL
650 _aGENÉTICA MOLECULAR
650 _aINTERAÇÃO GENÉTICA
650 _aGENÓTIPO
650 _aCRUZAMENTO ANIMAL
909 _a202309
_bLucia
_c55
_dLucia Elande
942 _cBK
999 _c76523
_d76523